| 000 | 00644nam a2200217 a 4500 | ||
|---|---|---|---|
| 001 | BRCA_4319 | ||
| 005 | 20190320204627.0 | ||
| 008 | 250610s1960----nyua######---#000-0#eng-# | ||
| 041 | _aeng | ||
| 044 | _anyu | ||
| 050 | 4 |
_aND672 _b.W55 1960 |
|
| 100 | 1 |
_aWilenski, Reginald Howard _911077 |
|
| 245 | 1 | 0 |
_aFlemish Painters 1430-1830 _cReginald Howard Wilenski. |
| 260 |
_aNueva York _bViking _c1960 |
||
| 300 |
_a2 v. _bil. a color _c28 cm. |
||
| 500 | _aCEF117 | ||
| 505 | 0 | _aContenido: v.1. Incluye ´A Dictionary of Flemish Painters (1430-1900). -- v.2. Láminas | |
| 650 | 1 | 4 |
_aPintores flamencos _97571 |
| 902 | _aGFM | ||
| 942 |
_2lcc _cB |
||
| 999 |
_c4030 _d4030 |
||